[Event "ICS rated blitz match"]
[Site "207.99.83.229"]
[Date "1999.07.16"]
[Round "?"]
[White "Hossa"]
[Black "Almond"]
[Result "1-0"]
[WhiteElo "2381"]
[BlackElo "2027"]
[PlyCount "33"]
[EventDate "1999.??.??"]

1. d4 d5 2. c4 c6 3. Nc3 Nf6 4. cxd5 cxd5 5. f3 Nc6 6. e4 dxe4 7. d5 Nb8 8.
fxe4 e6 9. Bg5 Be7 10. Bb5+ Bd7 11. d6 Bf8 12. Qe2 h6 13. Bxf6 Qxf6 14. e5 Qg6
15. Bxd7+ Nxd7 16. Nf3 O-O-O 17. Qc4+ {Almond resigns} 1-0

[Event "ICS rated blitz match"]
[Site "207.99.83.229"]
[Date "1999.07.16"]
[Round "?"]
[White "MiddleHead"]
[Black "Hossa"]
[Result "0-1"]
[WhiteElo "2246"]
[BlackElo "2385"]
[PlyCount "34"]
[EventDate "1999.??.??"]

1. e4 Nf6 2. e5 Nd5 3. d4 d6 4. Nf3 dxe5 5. Nxe5 c6 6. Bc4 Nd7 7. O-O Nxe5 8.
dxe5 Bf5 9. c3 e6 10. Qe2 Qh4 11. Nd2 Nf4 12. Qf3 O-O-O 13. b3 Be7 14. Ne4 Nxg2
15. Ng3 Bh3 16. Qh5 Qxh5 17. Nxh5 17... Nh4 {MiddleHead resigns} 0-1

[Event "ICS rated blitz match"]
[Site "207.99.83.229"]
[Date "1999.07.16"]
[Round "?"]
[White "Hossa"]
[Black "Frederico"]
[Result "1-0"]
[WhiteElo "2395"]
[BlackElo "2087"]
[PlyCount "54"]
[EventDate "1999.??.??"]

1. d4 e6 2. c4 Bb4+ 3. Bd2 Qe7 4. e4 Nc6 5. Ne2 Bxd2+ 6. Nxd2 e5 7. d5 Nb8 8.
Ng3 d6 9. Qa4+ Bd7 10. Qb4 b6 11. Bd3 Nf6 12. O-O O-O 13. f4 exf4 14. Rxf4 Na6
15. Qa3 Nc5 16. Raf1 Ng4 17. Be2 Ne5 18. b4 Nb7 19. Qa6 Bc8 20. Nf5 Bxf5 21.
exf5 Rab8 22. f6 gxf6 23. Ne4 Ng6 24. Nxf6+ Kg7 25. R4f2 Qe3 26. Nd7 Ne5 27.
Nxf8 27... Kxf8 {Frederico resigns} 1-0

[Event "ICS rated blitz match"]
[Site "207.99.83.229"]
[Date "1999.07.16"]
[Round "?"]
[White "Hossa"]
[Black "casaxuv"]
[Result "1-0"]
[WhiteElo "2404"]
[BlackElo "2434"]
[PlyCount "75"]
[EventDate "1999.??.??"]

1. d4 d5 2. c4 e6 3. Nc3 c6 4. Bg5 Qxg5 5. e3 Bb4 6. Nf3 Qe7 7. Bd3 Nf6 8. cxd5
Bxc3+ 9. bxc3 exd5 10. Qb1 Ne4 11. Bxe4 dxe4 12. Ne5 O-O 13. O-O Nd7 14. Nxd7
Bxd7 15. Qxb7 Rfb8 16. Qc7 Rc8 17. Qf4 c5 18. d5 Qf6 19. Qxf6 gxf6 20. Rab1
Rab8 21. c4 f5 22. f3 Kg7 23. fxe4 fxe4 24. Kf2 f5 25. Kg3 Kf6 26. Kh4 Rg8 27.
g3 Rg4+ 28. Kh3 Rxb1 29. Rxb1 f4 30. exf4 Rxf4+ 31. Kg2 Rf5 32. Rb7 Be8 33.
Rxh7 e3 34. Rxa7 e2 35. Ra6+ Kg5 36. Re6 Bh5 37. h4+ Kg4 38. Re4+ {
casaxuv resigns} 1-0

[Event "ICS rated blitz match"]
[Site "207.99.83.229"]
[Date "1999.07.16"]
[Round "?"]
[White "Hossa"]
[Black "casaxuv"]
[Result "0-1"]
[WhiteElo "2437"]
[BlackElo "2401"]
[PlyCount "83"]
[EventDate "1999.??.??"]

1. d4 d5 2. c4 e6 3. Nc3 c6 4. Bg5 Qxg5 5. e3 Bb4 6. Nf3 Qd8 7. cxd5 exd5 8.
Ne5 Nf6 9. Be2 Nbd7 10. Nxd7 Bxd7 11. Qb3 Bxc3+ 12. bxc3 Qb6 13. Qa3 Rc8 14.
O-O c5 15. Rfb1 Qc6 16. Qxa7 cxd4 17. cxd4 O-O 18. Bb5 Qc7 19. Bxd7 Qxd7 20.
Rxb7 Qf5 21. Rb2 Rc2 22. Rxc2 Qxc2 23. Rf1 Ne4 24. a4 Nc3 25. a5 Ne2+ 26. Kh1
Qd3 27. Re1 h5 28. a6 Rc8 29. h3 Qd2 30. Rxe2 Qxe2 31. Qb7 Rc1+ 32. Kh2 Qxf2
33. Qb8+ Kh7 34. Qf4 Qxf4+ 35. exf4 Ra1 36. Kg3 Rxa6 37. Kf3 Kg6 38. Ke3 Ra3+
39. Kf2 Kf5 40. Ke2 Ke4 41. Kf2 Ra2+ 42. Kg3 {Hossa resigns} 0-1

[Event "ICS rated blitz match"]
[Site "207.99.83.229"]
[Date "1999.07.16"]
[Round "?"]
[White "ulun"]
[Black "Hossa"]
[Result "1/2-1/2"]
[WhiteElo "2186"]
[BlackElo "2419"]
[PlyCount "57"]
[EventDate "1999.??.??"]

1. f4 Nf6 2. Nf3 Nc6 3. e3 e6 4. b3 Be7 5. Bb2 O-O 6. Bb5 Ne4 7. Bxc6 dxc6 8.
O-O a6 9. Nc3 f5 10. Nxe4 fxe4 11. Ne5 Bc5 12. Rf2 Qh4 13. Qg4 Qxg4 14. Nxg4 a5
15. Ne5 a4 16. Rff1 Rf5 17. Bc3 Ba7 18. b4 c5 19. b5 a3 20. Nc4 Bd7 21. Rab1
Bb6 22. Rb3 Ra4 23. Nxb6 cxb6 24. Rbb1 h5 25. Rf2 Rc4 26. Rb3 Ra4 27. Rb1 Rc4
28. Rb3 Ra4 29. Rb1 {Game drawn by repetition} 1/2-1/2

[Event "ICS Rated blitz match"]
[Site "207.99.83.229"]
[Date "1999.07.16"]
[Round "?"]
[White "Hossa"]
[Black "sombra"]
[Result "0-1"]
[WhiteElo "2410"]
[BlackElo "2360"]
[PlyCount "108"]
[EventDate "1999.??.??"]

1. d4 Nf6 2. c4 d6 3. Nc3 Nbd7 4. e4 e5 5. Nge2 Be7 6. Ng3 O-O 7. Be2 Re8 8. d5
Bf8 9. O-O h6 10. Be3 Nh7 11. Qd3 Be7 12. Nf5 Bg5 13. Bg4 Bxe3 14. Qxe3 Nc5 15.
Nxh6+ gxh6 16. Bxc8 Rxc8 17. Qxh6 Qg5 18. Qh3 a5 19. f4 exf4 20. Rf2 Rcd8 21.
Nb5 c6 22. Nd4 Nxe4 23. Rc2 cxd5 24. Nf5 Re5 25. Nd4 f5 26. cxd5 Qg4 27. Qb3
Nhg5 28. Qb6 Rde8 29. Kh1 f3 30. Rf1 f2 31. Ne2 f4 32. Nxf4 Qxf4 33. Qxa5 R8e7
34. Rc8+ Kg7 35. Qd8 Re8 36. Rc7+ Kg6 37. Qd7 R8e7 38. Qd8 Rxc7 39. Qxc7 Nf7
40. Qc8 Rh5 41. Qe6+ Nf6 42. h3 Re5 43. Qc8 Re1 44. Qc2+ Qf5 45. Qxf5+ Kxf5 46.
g4+ Kf4 47. Kg2 Rxf1 48. g5 Ke3 49. Kxf1 Ne4 50. Kg2 Nd2 51. Kh2 f1=Q 52. b3
Qf2+ 53. Kh1 Nf3 54. b4 54... Qh2# {Hossa checkmated} 0-1

[Event "ICS Rated blitz match"]
[Site "207.99.83.229"]
[Date "1999.07.16"]
[Round "?"]
[White "PostModernist"]
[Black "Hossa"]
[Result "1-0"]
[WhiteElo "2559"]
[BlackElo "2417"]
[PlyCount "58"]
[EventDate "1999.??.??"]

1. d4 d5 2. c4 e6 3. Nc3 Nf6 4. Nf3 Nbd7 5. cxd5 exd5 6. Bg5 c6 7. e3 Be7 8.
Bd3 O-O 9. Qc2 c5 10. Be2 h6 11. Bf4 g5 12. Bg3 g4 13. Nh4 cxd4 14. exd4 Nb6
15. Nf5 Bxf5 16. Qxf5 Qd7 17. Qf4 Ne4 18. Qxh6 Nxc3 19. bxc3 Qf5 20. h3 Qc2 21.
Rc1 Qe4 22. hxg4 Bh4 23. Rxh4 f6 24. g5 Qe7 25. gxf6 Qxe2+ 26. Kxe2 Kf7 27.
Qg7+ Ke6 28. Qe7+ Kf5 29. Rh5+ 29... Kg4 {Hossa resigns} 1-0

[Event "ICS rated blitz match"]
[Site "207.99.83.229"]
[Date "1999.07.16"]
[Round "?"]
[White "Hossa"]
[Black "cstalx"]
[Result "1-0"]
[WhiteElo "2410"]
[BlackElo "2620"]
[PlyCount "91"]
[EventDate "1999.??.??"]

1. d4 e6 2. c4 Nc6 3. e4 Bb4+ 4. Nc3 Qh4 5. Nf3 Qxe4+ 6. Be2 Qg4 7. O-O Nge7 8.
Nb5 Ba5 9. Bd2 Kd8 10. Ne5 Qf5 11. Bd3 Nxe5 12. Bxf5 Nxc4 13. Bxa5 Nxa5 14. Bd3
a6 15. Nc3 f5 16. Re1 Nac6 17. Be2 Rg8 18. Rc1 Nb4 19. Bc4 b5 20. Bb3 Bb7 21.
Qd2 Bc6 22. Re5 Rb8 23. Ne2 Nbd5 24. Qg5 Nf6 25. Nf4 a5 26. f3 Kc8 27. Nxe6 h6
28. Qd2 dxe6 29. Bxe6+ Nd7 30. Bxg8 Nxe5 31. dxe5 Kb7 32. Be6 Ra8 33. Qd3 g6
34. Rxc6 Kxc6 35. Qd7+ Kb6 36. Qxe7 a4 37. Qf6 Kc5 38. Bd7 Rg8 39. Qc6+ Kd4 40.
Qc3+ Kd5 41. Qxc7 Kd4 42. Kf2 b4 43. Qd6+ Kc4 44. Ke3 f4+ 45. Ke4 Ra8 46. Qc6#
{cstalx checkmated} 1-0

[Event "ICS Rated blitz match"]
[Site "207.99.83.229"]
[Date "1999.07.16"]
[Round "?"]
[White "Hossa"]
[Black "matar"]
[Result "1-0"]
[WhiteElo "2438"]
[BlackElo "2166"]
[PlyCount "51"]
[EventDate "1999.??.??"]

1. d4 d5 2. c4 e6 3. Nc3 c6 4. Bg5 Be7 5. Bxe7 Nxe7 6. e3 O-O 7. Qh5 Nd7 8.
O-O-O Nf6 9. Qe5 dxc4 10. Bxc4 b5 11. Bd3 Ng6 12. Bxg6 hxg6 13. f3 b4 14. Ne4
Nxe4 15. fxe4 Ba6 16. Nh3 Qe7 17. Nf4 Rfc8 18. Rd2 c5 19. d5 c4 20. dxe6 c3 21.
Rd7 Qf6 22. exf7+ Kh8 23. Qxf6 gxf6 24. Nxg6+ Kg7 25. f8=Q+ Kxg6 26. Rg7+ {
matar resigns} 1-0

[Event "ICS rated blitz match"]
[Site "207.99.83.229"]
[Date "1999.07.16"]
[Round "?"]
[White "matar"]
[Black "Hossa"]
[Result "0-1"]
[WhiteElo "2160"]
[BlackElo "2444"]
[PlyCount "57"]
[EventDate "1999.??.??"]

1. e4 Nf6 2. Nf3 g6 3. e5 Nd5 4. Bc4 Nb6 5. Bb3 Bg7 6. Ng5 O-O 7. d4 Nc6 8. Be3
h6 9. Ne4 d6 10. f4 a5 11. a4 dxe5 12. fxe5 Be6 13. O-O Bc4 14. Nbd2 Bxf1 15.
Nxf1 Nd5 16. Bf2 Ndb4 17. c3 Nd5 18. Qd2 Ra6 19. Ne3 Nb6 20. Rf1 Kh8 21. Ng4 h5
22. Ngf6 Nxe5 23. Nxh5 gxh5 24. Qg5 Nf3+ 25. gxf3 Nxa4 26. Qxh5+ Rh6 27. Qxh6+
Bxh6 28. Bxa4 Qc8 29. Kh1 {matar resigns} 0-1

[Event "ICS rated blitz match"]
[Site "207.99.83.229"]
[Date "1999.07.16"]
[Round "?"]
[White "matar"]
[Black "Hossa"]
[Result "0-1"]
[WhiteElo "2152"]
[BlackElo "2449"]
[PlyCount "70"]
[EventDate "1999.??.??"]

1. e4 Nf6 2. e5 Nd5 3. c4 Nb6 4. c5 Nd5 5. Nc3 Nxc3 6. dxc3 Nc6 7. Bf4 e6 8.
Qg4 Qe7 9. O-O-O Qxc5 10. Nf3 Qxf2 11. Bb5 Qb6 12. Ba4 Qa5 13. Bb3 a6 14. h4
Ra7 15. Rd2 h6 16. Rhd1 Qc5 17. h5 Ra8 18. Bh2 Rb8 19. Qe4 Be7 20. Qg4 O-O 21.
Bf4 Kh8 22. Qg3 Ra8 23. Re2 d6 24. Be3 Qb5 25. Bf4 Qxe2 26. exd6 Bxd6 27. Rxd6
cxd6 28. Bxh6 gxh6 29. Qf4 Qf1+ 30. Bd1 Kg7 31. Qg4+ Kh7 32. Qf4 Qxg2 33. Qf6
Qg7 34. Bc2+ Kh8 35. Qf4 35... e5 {matar resigns} 0-1

[Event "ICS rated blitz match"]
[Site "207.99.83.229"]
[Date "1999.07.16"]
[Round "?"]
[White "Hossa"]
[Black "matar"]
[Result "0-1"]
[WhiteElo "2454"]
[BlackElo "2147"]
[PlyCount "100"]
[EventDate "1999.??.??"]

1. d4 d5 2. c4 e6 3. Nc3 c6 4. Bg5 Qxg5 5. e3 Qd8 6. Bd3 Nf6 7. cxd5 exd5 8.
Nf3 Bg4 9. Qb3 Qb6 10. Qxb6 axb6 11. O-O Bxf3 12. gxf3 Nbd7 13. e4 Bb4 14. e5
Nh5 15. Bf5 Bxc3 16. bxc3 g6 17. Bxd7+ Kxd7 18. a4 Nf4 19. Ra2 Ra5 20. Rb2 Kc7
21. Rfb1 Rxa4 22. Rxb6 Rb8 23. Kf1 Ra2 24. R6b3 b5 25. R3b2 Rba8 26. Rxa2 Rxa2
27. Rc1 Kb6 28. h4 Ka5 29. Re1 Ka4 30. Rd1 Kb3 31. Rc1 Rc2 32. Rxc2 Kxc2 33.
Ke1 Kxc3 34. e6 fxe6 35. Kd1 b4 36. Kc1 b3 37. Kb1 Ne2 38. f4 Nxd4 39. f5 gxf5
40. h5 Nc2 41. f4 Na3+ 42. Kc1 b2+ 43. Kd1 b1=Q+ 44. Ke2 Qd3+ 45. Kf2 Nc4 46.
Kg2 Qe3 47. h6 Kd3 48. Kf1 Qd2 49. Kg1 Ne3 50. Kh1 50... Qg2# {Hossa checkmated
} 0-1

[Event "ICS rated blitz match"]
[Site "207.99.83.229"]
[Date "1999.07.16"]
[Round "?"]
[White "matar"]
[Black "Hossa"]
[Result "1-0"]
[WhiteElo "2174"]
[BlackElo "2427"]
[PlyCount "89"]
[EventDate "1999.??.??"]

1. e4 Nf6 2. e5 Nd5 3. c4 Nb6 4. c5 Nd5 5. Nc3 Nxc3 6. dxc3 Nc6 7. Bf4 e6 8.
Qg4 Qe7 9. O-O-O Qxc5 10. Nf3 Qxf2 11. Bb5 Qb6 12. Ba4 Qa5 13. Bb3 a6 14. Rhf1
h6 15. h4 Rh7 16. h5 Rh8 17. Rde1 d6 18. Bh2 Rh7 19. Qe4 g6 20. hxg6 Rg7 21.
gxf7+ Rxf7 22. exd6 Bxd6 23. Bxd6 cxd6 24. Bxe6 Re7 25. Qg6+ Kd8 26. Bb3 Qf5
27. Qxd6+ Rd7 28. Qxh6 Qd3 29. Bc2 Qb5 30. Qf4 Qd5 31. Rh1 Qd6 32. Rh8+ Kc7 33.
Qxd6+ Kxd6 34. Ree8 Kc7 35. Bf5 Rd8 36. Rh7+ Kd6 37. Rxd8+ Nxd8 38. Be4 Rb8 39.
Rh6+ Kc5 40. b4+ Kc4 41. Kc2 Nf7 42. Rh5 Bf5 43. Rxf5 Ne5 44. Rxe5 Re8 45. Nd2#
{Hossa checkmated} 1-0

[Event "ICS rated blitz match"]
[Site "207.99.83.229"]
[Date "1999.07.16"]
[Round "?"]
[White "BabaHasan"]
[Black "Hossa"]
[Result "0-1"]
[WhiteElo "2234"]
[BlackElo "2401"]
[PlyCount "164"]
[EventDate "1999.??.??"]

1. d4 d5 2. Nf3 Nf6 3. Bf4 Bf5 4. Nbd2 Nc6 5. e3 Nb4 6. Bb5+ c6 7. Ba4 Qa5 8.
Bb3 e6 9. O-O Bg4 10. a3 Na6 11. h3 Bh5 12. g4 Nxg4 13. hxg4 Bxg4 14. Kg2 O-O-O
15. Rh1 Bd6 16. Bxd6 Rxd6 17. Rh4 h5 18. Qh1 Rdd8 19. c3 g5 20. Nxg5 Be2 21. f4
Qb5 22. Kf2 f6 23. Ngf3 Bxf3 24. Qxf3 Rdg8 25. Rg1 Rxg1 26. Kxg1 Qd3 27. Rh2 c5
28. Qe2 Qf5 29. Rg2 cxd4 30. cxd4 Qh3 31. Qf3 Qh4 32. Qg3 Qxg3 33. Rxg3 Nc7 34.
Bc2 Ne8 35. Rg6 Kd7 36. f5 Ke7 37. Nf3 exf5 38. Bxf5 Nd6 39. Nh4 Nxf5 40. Nxf5+
Ke6 41. Nh4 b5 42. Kf2 b4 43. axb4 Rb8 44. Kf3 Rxb4 45. Rg2 Rb7 46. Kf4 Rh7 47.
Kf3 Rb7 48. Ng6 Kd6 49. Nf4 h4 50. Rh2 a5 51. Kg4 Rb3 52. Kf3 Rb5 53. Ng6 h3
54. Nf4 Rb8 55. Nxh3 Rh8 56. Kg3 Rc8 57. Nf4 Rg8+ 58. Kf3 Rb8 59. Rh6 Rb5 60.
Rxf6+ Kc7 61. Ra6 Kd7 62. Re6 Rxb2 63. Re5 a4 64. Rxd5+ Kc6 65. Ra5 Ra2 66. Ra8
a3 67. Ke4 Kb5 68. d5 Ra1 69. Ke5 a2 70. e4 Kb4 71. Rxa2 Rxa2 72. d6 Kc5 73.
Ke6 Ra4 74. Nd5 Rxe4+ 75. Kf5 Rd4 76. d7 Rxd5+ 77. Ke6 Kc6 78. Ke7 Rxd7+ 79.
Ke6 Rd5 80. Kf6 Kd7 81. Kf7 Rd6 82. Kg7 82... Ke7 {BabaHasan resigns} 0-1

[Event "ICS rated blitz match"]
[Site "207.99.83.229"]
[Date "1999.07.16"]
[Round "?"]
[White "Hossa"]
[Black "Lundbotanmats"]
[Result "1-0"]
[WhiteElo "2410"]
[BlackElo "2029"]
[PlyCount "40"]
[EventDate "1999.??.??"]

1. d4 d5 2. c4 c6 3. Nc3 Nf6 4. cxd5 cxd5 5. f3 a6 6. Bg5 g6 7. Rc1 Bg7 8. Bxf6
Bxf6 9. Nxd5 Nc6 10. Nxf6+ exf6 11. d5 Ne5 12. e4 O-O 13. Ne2 f5 14. Qd4 Qh4+
15. Kd2 Qf6 16. f4 Nd7 17. e5 Qd8 18. d6 b5 19. Rc7 Re8 20. Qd5 20... g5 {
Lundbotanmats resigns} 1-0

[Event "ICS rated blitz match"]
[Site "207.99.83.229"]
[Date "1999.07.16"]
[Round "?"]
[White "Hossa"]
[Black "occam"]
[Result "0-1"]
[WhiteElo "2413"]
[BlackElo "2265"]
[PlyCount "101"]
[EventDate "1999.??.??"]

1. d4 d5 2. c4 c6 3. Nc3 dxc4 4. e3 Be6 5. Nf3 b5 6. Be2 Nf6 7. O-O Qa5 8. Ne5
b4 9. Na4 c3 10. bxc3 bxc3 11. Nc5 Bd5 12. Qc2 e6 13. Nb7 Qc7 14. Rb1 a5 15.
Ng4 Nbd7 16. Nxf6+ Nxf6 17. a3 Rb8 18. Nc5 Rxb1 19. Qxb1 Bxc5 20. dxc5 O-O 21.
Rd1 Qa7 22. Qa1 Bb3 23. Rd3 Bc4 24. Qxc3 Bxd3 25. Bxd3 Rd8 26. Bb2 Rd5 27. e4
Rxc5 28. Qd2 Qb8 29. Bxf6 gxf6 30. Bf1 Qb3 31. Qh6 Qb2 32. Qh3 Rc2 33. Qg3+ Kf8
34. Qd6+ Ke8 35. Qg3 Rd2 36. Qg8+ Ke7 37. Qxh7 Rxf2 38. Qh4 Rc2 39. Qg3 e5 40.
Kh1 Rc3 41. Qg4 Rxa3 42. Qc8 Qb6 43. h4 Ra4 44. Qf5 Qe3 45. Kh2 Rxe4 46. g3 Rd4
47. Bg2 Rd2 48. Qc8 Qf3 49. Qc7+ Kf8 50. Qd8+ Rxd8 51. Bxf3 {Hossa resigns} 0-1

[Event "ICS Rated blitz match"]
[Site "207.99.83.229"]
[Date "1999.07.17"]
[Round "?"]
[White "RedBear"]
[Black "Hossa"]
[Result "1/2-1/2"]
[WhiteElo "2508"]
[BlackElo "2391"]
[PlyCount "68"]
[EventDate "1999.??.??"]

1. e4 Nf6 2. e5 Nd5 3. d4 d6 4. Nf3 dxe5 5. Nxe5 c6 6. Be2 Nd7 7. Nf3 e6 8. c4
N5f6 9. O-O Bd6 10. Bg5 O-O 11. c5 Bb8 12. Qc2 Qc7 13. g3 Nd5 14. Nc3 Nxc3 15.
bxc3 f6 16. Bf4 e5 17. Bc4+ Kh8 18. Be3 Rd8 19. Rfd1 exd4 20. Rxd4 Nf8 21. Rh4
b5 22. cxb6 axb6 23. Bd3 g5 24. Nxg5 fxg5 25. Bxg5 Rxd3 26. Qxd3 Qf7 27. Qd4+
Kg8 28. Bf6 c5 29. Rg4+ Bxg4 30. Qxg4+ Ng6 31. Qc8+ Nf8 32. Qg4+ Ng6 33. Qc8+
Nf8 34. Qg4+ 34... Ng6 {Game drawn by repetition} 1/2-1/2

[Event "ICS rated blitz match"]
[Site "207.99.83.229"]
[Date "1999.07.17"]
[Round "?"]
[White "occam"]
[Black "Hossa"]
[Result "0-1"]
[WhiteElo "2295"]
[BlackElo "2396"]
[PlyCount "176"]
[EventDate "1999.??.??"]

1. d4 d5 2. Nf3 Nf6 3. Nc3 e6 4. a3 Be7 5. Qd3 Nbd7 6. b4 a5 7. bxa5 O-O 8. e3
c5 9. dxc5 Nxc5 10. Qd4 Nce4 11. Bd2 Bc5 12. Qd3 Nxd2 13. Nxd2 Rxa5 14. a4 b6
15. Nb3 Ra8 16. a5 Qd6 17. axb6 Rxa1+ 18. Nxa1 Bxb6 19. Nb3 Qb4 20. Qd2 Ne4 21.
Nxe4 Qxe4 22. Qc3 Rd8 23. Nd2 Qg4 24. Qa3 Bc7 25. Qa7 Be5 26. Qa5 Bf6 27. h3
Qg6 28. Qc7 Bd7 29. g3 Be8 30. Bd3 Qh5 31. Be2 Qh6 32. c4 dxc4 33. Qxc4 Be7 34.
Ne4 f5 35. Nc3 Bf7 36. Bf3 Bf6 37. Bg2 g5 38. O-O Rd2 39. Rc1 Qf8 40. Ra1 Kg7
41. Ra2 Rxa2 42. Nxa2 h5 43. Nb4 Kg6 44. Nd3 Qh8 45. f3 Qb8 46. Kf2 Qd6 47. g4
Qh2 48. gxh5+ Kxh5 49. e4 Qd6 50. Kf1 Kg6 51. Qb5 Bd4 52. Qa4 Kg7 53. Ke2 Bg6
54. Kd2 Kf7 55. Qb5 Qc7 56. Kd1 Kg7 57. Qb4 Qd7 58. Kc2 Qc8+ 59. Kb3 e5 60. Nb2
Qc1 61. Nc4 Bf7 62. exf5 Qd1+ 63. Ka3 Qd3+ 64. Qb3 Bxc4 65. Qxd3 Bxd3 66. Kb4
Kf6 67. Kb3 Kxf5 68. Bh1 Kf4 69. h4 gxh4 70. Kb4 h3 71. Kb3 Be2 72. Kc2 Bxf3
73. Bxf3 Kxf3 74. Kd2 h2 75. Kd3 h1=Q 76. Kc4 Qc1+ 77. Kd5 Qc6+ 78. Kxc6 Ke2
79. Kd5 Kd3 80. Ke6 e4 81. Kd6 e3 82. Ke6 e2 83. Kd6 e1=Q 84. Kd7 Kc4 85. Kd8
Kd5 86. Kd7 Bb6 87. Kc8 Kc6 88. Kb8 88... Qe8# {occam checkmated} 0-1

[Event "ICS Rated blitz match"]
[Site "207.99.83.229"]
[Date "1999.07.17"]
[Round "?"]
[White "Hossa"]
[Black "occam"]
[Result "0-1"]
[WhiteElo "2407"]
[BlackElo "2284"]
[PlyCount "114"]
[EventDate "1999.??.??"]

1. d4 d5 2. c4 c6 3. Nc3 dxc4 4. e3 Be6 5. Nf3 b5 6. Be2 Nf6 7. O-O Qa5 8. Ne5
b4 9. Qa4 Qb6 10. Nd1 Qb5 11. Qc2 b3 12. axb3 cxb3 13. Qd2 Qb6 14. Nc3 Qc7 15.
f4 g6 16. Bf3 a6 17. Nb5 Qb6 18. Ra5 Nd5 19. Nc4 Qb7 20. Nba3 Nd7 21. e4 N5f6
22. e5 Bxc4 23. Nxc4 Nd5 24. Bxd5 cxd5 25. Ne3 e6 26. Ra4 Rc8 27. f5 gxf5 28.
Qa5 f4 29. Ng4 Rg8 30. h3 h5 31. Nf2 f3 32. g4 hxg4 33. hxg4 Rc6 34. Bd2 Nb6
35. Qxa6 Qc7 36. Raa1 Nc4 37. Qa8+ Qc8 38. Qxc8+ Rxc8 39. Rac1 Kd7 40. Bf4 Bb4
41. g5 Bd2 42. Bxd2 Nxd2 43. Rxc8 Rxg5+ 44. Kh1 Kxc8 45. Rd1 Ne4 46. Rc1+ Kb7
47. Nxe4 dxe4 48. Rc3 f2 49. Rxb3+ Kc6 50. Rc3+ Kd7 51. Rc1 e3 52. b3 e2 53.
Kh2 Rh5+ 54. Kg3 e1=Q 55. Rxe1 fxe1=Q+ 56. Kg2 Rg5+ 57. Kh2 57... Qh4# {
Hossa checkmated} 0-1

[Event "ICS Rated blitz match"]
[Site "207.99.83.229"]
[Date "1999.07.17"]
[Round "?"]
[White "Slivovitz"]
[Black "Hossa"]
[Result "1-0"]
[WhiteElo "2099"]
[BlackElo "2386"]
[PlyCount "121"]
[EventDate "1999.??.??"]

1. Nf3 Nc6 2. d4 d5 3. c4 e5 4. dxe5 d4 5. g3 Be6 6. Nbd2 Qd7 7. Bg2 Nge7 8.
O-O Ng6 9. Nb3 Bh3 10. Nbxd4 Bxg2 11. Kxg2 Ncxe5 12. Nxe5 Nxe5 13. b3 O-O-O 14.
Bb2 Bc5 15. Nf3 Qe6 16. Qc2 Nxf3 17. exf3 Kb8 18. Rfe1 Qa6 19. Bxg7 Rhg8 20.
Bc3 Ka8 21. Rad1 Rdf8 22. Re2 Qc6 23. Qe4 Qh6 24. Rde1 Rd8 25. Be5 c6 26. Bf4
Qf8 27. Qc2 Bb4 28. Rd1 Rxd1 29. Qxd1 Bc3 30. Qd3 Bb4 31. Bd2 Bxd2 32. Rxd2 f5
33. Qd6 Qc8 34. Qd7 Qf8 35. Qxh7 f4 36. Rd7 Rh8 37. Qg7 Qc8 38. g4 Re8 39. Re7
Qd8 40. Rxe8 Qxe8 41. h4 b5 42. cxb5 c5 43. Qg5 Qf8 44. Qf5 Qh8 45. h5 Kb8 46.
Qxf4+ Kb7 47. Qe4+ Kb8 48. Qf4+ Kb7 49. Qf7+ Kb6 50. g5 Qb2 51. Qf6+ Qxf6 52.
gxf6 Kxb5 53. f7 c4 54. bxc4+ Kxc4 55. f8=Q a5 56. h6 Kb5 57. h7 Kb6 58. h8=Q
Kc6 59. Qd4 Kb5 60. Qfd6 a4 61. Q6b6# {Hossa checkmated} 1-0

[Event "ICS rated blitz match"]
[Site "207.99.83.229"]
[Date "1999.07.17"]
[Round "?"]
[White "Hossa"]
[Black "TDChess"]
[Result "1-0"]
[WhiteElo "2359"]
[BlackElo "2552"]
[PlyCount "28"]
[EventDate "1999.??.??"]

1. d4 d5 2. c4 dxc4 3. e4 e5 4. Nf3 exd4 5. Bxc4 Bb4+ 6. Nbd2 Nc6 7. O-O Nf6 8.
e5 Ng4 9. h3 Ngxe5 10. Nxe5 Nxe5 11. Re1 Qe7 12. f4 Nf3+ 13. gxf3 Be6 14. f5
14... Qg5+ {TDChess resigns} 1-0

[Event "ICS Rated blitz match"]
[Site "207.99.83.229"]
[Date "1999.07.17"]
[Round "?"]
[White "Hossa"]
[Black "robbok1"]
[Result "0-1"]
[WhiteElo "2383"]
[BlackElo "2543"]
[PlyCount "93"]
[EventDate "1999.??.??"]

1. d4 Nf6 2. c4 c5 3. d5 b5 4. Nc3 b4 5. Na4 d6 6. Nf3 e5 7. Nd2 Bf5 8. a3 a5
9. f3 Be7 10. e4 Bg6 11. Bd3 Nbd7 12. O-O O-O 13. Qe2 Qc7 14. f4 exf4 15. Nf3
Ne5 16. Nxe5 dxe5 17. axb4 Bh5 18. Qe1 axb4 19. Be2 Bg6 20. Bf3 Nd7 21. Bd2 Qd6
22. Bg4 Nf6 23. Bf3 Nd7 24. Qf2 f5 25. exf5 Bxf5 26. Rfe1 Bc2 27. Bd1 Bxd1 28.
Rexd1 e4 29. Qe2 e3 30. Bc1 Qg6 31. Qf3 Ne5 32. Qh3 e2 33. Re1 f3 34. Be3 fxg2
35. Qxg2 Nf3+ 36. Kh1 Qxg2+ 37. Kxg2 Rxa4 38. Rab1 Nxe1+ 39. Rxe1 b3 40. Rxe2
Rxc4 41. Rd2 Rc2 42. h3 Bf6 43. Rxc2 bxc2 44. b3 Rd8 45. Bc1 Rxd5 46. h4 Bxh4
47. Kf3 {Hossa resigns} 0-1

[Event "ICS Rated blitz match"]
[Site "207.99.83.229"]
[Date "1999.07.17"]
[Round "?"]
[White "robbok1"]
[Black "Hossa"]
[Result "1/2-1/2"]
[WhiteElo "2552"]
[BlackElo "2374"]
[PlyCount "168"]
[EventDate "1999.??.??"]

1. e4 Nf6 2. e5 Nd5 3. c4 Nb6 4. c5 Nd5 5. Nc3 Nxc3 6. dxc3 Nc6 7. Nf3 g6 8.
Bc4 Bg7 9. Bf4 O-O 10. O-O b6 11. Qe2 Na5 12. Bd5 c6 13. Be4 bxc5 14. Rad1 Rb8
15. b3 Rb6 16. Qd2 f6 17. c4 fxe5 18. Bxe5 Nb7 19. Bxg7 Kxg7 20. Rfe1 Ra6 21.
Ne5 Nd6 22. Bb1 Kg8 23. Qe3 Nf5 24. Bxf5 Rxf5 25. Ng4 Rf8 26. Qc3 h5 27. Ne5
Rf6 28. Qd2 Qe8 29. Nxd7 Bxd7 30. Qxd7 Qxd7 31. Rxd7 Rxa2 32. f3 e6 33. Rd6 Ra6
34. Rexe6 Rxe6 35. Rxe6 Kg7 36. Re5 Ra5 37. h4 Kf6 38. f4 Ra3 39. Rxc5 Rxb3 40.
Rxc6+ Kf5 41. Kf2 Rb2+ 42. Ke3 Rxg2 43. Rc5+ Kf6 44. Ke4 Re2+ 45. Kf3 Rc2 46.
Rc8 a5 47. Rc6+ Kf7 48. Ke4 a4 49. Rc7+ Ke6 50. Rc6+ Kf7 51. c5 a3 52. Ra6 a2
53. c6 Ke6 54. Ra7 Rc4+ 55. Kd3 Rxc6 56. Rxa2 Kf5 57. Ra4 Rc1 58. Ke3 Rc3+ 59.
Ke2 Rh3 60. Ra5+ Kf6 61. Ra6+ Kg7 62. Ra7+ Kf8 63. f5 gxf5 64. Ra5 Rxh4 65.
Rxf5+ Kg7 66. Kf3 Kg6 67. Rf4 Rh3+ 68. Kg2 Rc3 69. Rf3 Rc4 70. Rd3 h4 71. Kh3
Re4 72. Rd6+ Kh5 73. Rd5+ Kh6 74. Ra5 Rb4 75. Ra6+ Kh5 76. Ra5+ Kh6 77. Rc5 Rd4
78. Rb5 Rc4 79. Ra5 Rc6 80. Kxh4 Rf6 81. Kg4 Kg6 82. Rb5 Kf7 83. Rf5 Ke6 84.
Rxf6+ 84... Kxf6 {Game drawn because neither player has mating material}
1/2-1/2

[Event "ICS Rated blitz match"]
[Site "207.99.83.229"]
[Date "1999.07.17"]
[Round "?"]
[White "Hossa"]
[Black "robbok1"]
[Result "1/2-1/2"]
[WhiteElo "2382"]
[BlackElo "2544"]
[PlyCount "162"]
[EventDate "1999.??.??"]

1. d4 Nf6 2. c4 c5 3. d5 b5 4. Nc3 b4 5. Na4 d6 6. Nf3 Bf5 7. a3 a5 8. e3 e5 9.
Be2 Be7 10. O-O O-O 11. b3 e4 12. Nd2 Nbd7 13. f3 exf3 14. Rxf3 Bg6 15. Rf4 Ne5
16. Nb2 Qc7 17. h4 h5 18. Nf3 Ne4 19. Qe1 f5 20. Nxe5 dxe5 21. Rf1 Qd8 22. g3
Bd6 23. Bf3 Qd7 24. Nd3 Rae8 25. axb4 axb4 26. Ra6 Rf6 27. Bxe4 fxe4 28. Rxf6
gxf6 29. Nf2 Kf7 30. Qe2 Be7 31. Kh1 Rd8 32. Re6 Ra8 33. g4 Ra1 34. Qb2 Qa7 35.
gxh5 Bf5 36. Rxe7+ Kxe7 37. Kg2 Qa3 38. d6+ Kd7 39. h6 Rxc1 40. Qd2 Ra1 41. Qd5
Bg6 42. Qb7+ Kxd6 43. Qb6+ Kd7 44. Qb7+ Ke6 45. Qd5+ Ke7 46. Qb7+ Kd8 47. Qb8+
Kd7 48. Qb7+ Kd6 49. Qb6+ Ke7 50. Qc7+ Ke6 51. Qc6+ Ke7 52. Qxc5+ Kd7 53. Qd5+
Kc7 54. Qc5+ Kb7 55. Qe7+ Kc8 56. Qf8+ Kd7 57. Qg7+ Kc8 58. Qxg6 Qc1 59. Qg8+
Kc7 60. h7 Qg1+ 61. Kh3 Qxf2 62. Qf7+ Kd6 63. c5+ Kc6 64. Qe6+ Kxc5 65. Qe7+
Kc6 66. Qe8+ Kb6 67. Qd8+ Kc5 68. Qc7+ Kd5 69. Qf7+ Kd6 70. Qf8+ Kd7 71. Qf7+
Kd6 72. Qf8+ Kd7 73. Qf7+ Kc6 74. Qc4+ Kb6 75. Qxb4+ Ka7 76. Qe7+ Ka6 77. Qe6+
Ka7 78. Qf7+ Kb6 79. Qe6+ Ka7 80. Qf7+ Kb6 81. Qe6+ 81... Ka7 {
Game drawn by repetition} 1/2-1/2